| 000 | 00481nam a2200169Ia 4500 | ||
|---|---|---|---|
| 008 | 090201s9999 xx 000 0 und d | ||
| 010 | _aKPL-15462 | ||
| 040 | _bइंग्रजी | ||
| 041 | _aइंग्रजी | ||
| 082 |
_a37367 _b15462 |
||
| 100 | _astanley gardner erle | ||
| 245 |
_athe case of queenly contestant _cstanley gardner erle |
||
| 260 |
_c2004 _bheinemann |
||
| 300 |
_a235 _bमोठा |
||
| 600 | _athe case of queenly contestant | ||
| 942 | _cBOOK | ||
| 999 |
_c235164 _d235164 |
||